000 00490nmm a2200169Ia 4500
008 251105s9999||||xx |||||||||||||||||und||
020 _a9786071675798
041 _aspa
100 _aSchiff, Stacy
245 0 _aCleopatra
264 _a[México D.C., Mexico] :
_bFondo de Cultura Económica,
_c[Fecha de publicación no identificada]
300 _a326 páginas
490 _aHistoria
650 _aBiography
856 _uhttps://public.digitaliapublishing.com/a/135028
942 _cCF
999 _c75675
_d75675